La Iglesia, pueblo de Dios / (Record no. 22624)

MARC details
000 -LEADER
campo de control de longitud fija 00590nam a2200181 i 4500
001 - NÚMERO DE CONTROL
campo de control 22624
003 - IDENTIFICADOR DE NÚMERO DE CONTROL
campo de control ES-MaACL
005 - FECHA Y HORA DE LA ÚLTIMA TRANSACCIÓN
campo de control 20230906152729.0
007 - CAMPO FIJO DE DESCRIPCIÓN FÍSICA--INFORMACIÓN GENERAL
campo de control de longitud fija t|
008 - DATOS DE LONGITUD FIJA--INFORMACIÓN GENERAL
campo de control de longitud fija 021203s1972 sp ||||1| spa d
100 1# - ENTRADA PRINCIPAL--NOMBRE DE PERSONA
Nombre de persona Alonso Núñez, Antonio.
9 (RLIN) 20371
245 13 - MENCIÓN DEL TÍTULO
Título La Iglesia, pueblo de Dios /
Mención de responsabilidad, etc. Antonio Alonso Núñez, Francisco Millet Escrivá, Juan Piris Frígola.
260 ## - PUBLICACIÓN, DISTRIBUCIÓN, ETC.
Lugar de publicación, distribución, etc. Valencia :
Nombre del editor, distribuidor, etc. E. López Mezquida,
Fecha de publicación, distribución, etc. [1972]
300 ## - DESCRIPCIÓN FÍSICA
Extensión 184 p. ;
Dimensiones 21 cm.
700 1# - ENTRADA AGREGADA--NOMBRE PERSONAL
Nombre de persona Millet Escrivá, Francisco.
9 (RLIN) 81248
700 1# - ENTRADA AGREGADA--NOMBRE PERSONAL
Nombre de persona Piris Frígola, Juan.
9 (RLIN) 92347
852 ## - LOCALIZACIÓN
Ubicación ES-MaACL
Número de control de estantería C-47337
Sublocalización o colección R.82319
Holdings
Estatus retirado Estado de pérdida Estado de daño No para préstamo Biblioteca de origen Biblioteca actual Ubicación en estantería Fecha de adquisición Fuente de adquisición Total de préstamos Signatura topográfica completa Código de barras Visto por última vez Precio de reemplazo Tipo de ítem Koha
        Biblioteca del Ateneo de Madrid Biblioteca del Ateneo de Madrid Depósito 2 17/01/2008     C-47337 1023292 23/02/2023 23/02/2023 Libro impreso